Kluby w UEFA Champions League 24/25 - Statystyki

Ogólne statystyki
  • Ten quiz został rozwiązany 27 razy
  • Średni wynik to 12 z 36
Statystyki odpowiedzi
Kluby % Poprawnych
Arsenal
95%
Barcelona
95%
Liverpool
80%
PSG
70%
Inter Mediolan
65%
Manchester City
65%
Aston Villa
60%
Atletico Madryt
60%
Bayer Leverkusen
60%
Juventus
45%
Real Madrid
45%
AC Milan
40%
Borussia Dortmund
40%
Atalanta
35%
Young Boys
30%
PSV
25%
Bayern Munich
20%
Feyenoord
20%
Monaco
20%
RB Lipsk
20%
Slovan Bratysława
20%
Sporting
20%
Stuttgart
20%
Brest
15%
Celtic
15%
Crvena zvezda
15%
Dinamo Zagrzeb
15%
Girona
15%
LOSC Lille
15%
Sparta Praga
15%
RB Salzburg
10%
Sturm Graz
10%
Szachta
10%
Bologna
5%
Club Brugge
5%
Benfca
0%
Nie znaleziono quizów pasujących do podanych kryteriów
Rozkład punktacji
Procent ludzi z każdym wynikiem
Percentyl według liczby udzielonych odpowiedzi
Twoja historia wyników
Nie rozwiązałeś tego quizu